| 000 | 01067nam a2200301 a 4500 | ||
|---|---|---|---|
| 001 | 000111768 | ||
| 003 | CHAP | ||
| 005 | 20220329144228.0 | ||
| 008 | 150727s2015 mx ad |rm |0|||||spa d | ||
| 010 | _a108229 | ||
| 011 | _a109201 | ||
| 040 | _cCHAP | ||
| 090 | _aTesis | ||
| 100 | 1 |
_aSánchez Ruíz, Héctor Manuel _9129725 |
|
| 245 | 1 | 0 |
_aDeterminación del costo de producción y productividad en una engorda de pollos, bajo un sistema tecnificado, en el estado de Morelos / _cpor Héctor Manuel Sánchez. |
| 260 |
_aCocula, Gro. : _bEl autor, _c2015. |
||
| 300 |
_a54 h. : _bil., gráfs. |
||
| 502 | _aTesis (Ing. Agr. Zootecnista) -- CSAEGRO. Centro de Estudios Profesionales | ||
| 590 |
_aBATCH-UPD _b05 _c20150727 _lUCH01 _h0902 |
||
| 590 |
_aE11695DGD _b10 _c20150728 _lUCH01 _h0855 |
||
| 590 |
_aE5652GLJ _b05 _c20150727 _lUCH01 _h0901 |
||
| 650 | 1 | 4 |
_aPollos de engorde _xProducción. _9127230 |
| 650 | 1 | 4 |
_aPollos de engorde _xRendimiento. _9127013 |
| 650 | 1 | 4 |
_aPollos _xCostos de producción. _9129728 |
| 901 | _aBK | ||
| 942 | _cTESIS | ||
| 942 | _n0 | ||
| 999 |
_c108229 _d108229 |
||